Largest City by State - Statistics

General Stats
  • This quiz has been taken 12 times
  • The average score is 48 of 50
Answer Stats
Hint Answer % Correct
Phoenix Arizona
100%
Little Rock Arkansas
100%
Los Angeles California
100%
Denver Colorado
100%
Atlanta Georgia
100%
Honolulu Hawaii
100%
Boise Idaho
100%
Chicago Illinois
100%
Indianapolis Indiana
100%
Des Moines Iowa
100%
Wichita Kansas
100%
Louisville Kentucky
100%
New Orleans Louisiana
100%
Portland (East) Maine
100%
Baltimore Maryland
100%
Boston Massachusetts
100%
Detroit Michigan
100%
Minneapolis Minnesota
100%
Jackson Mississippi
100%
Kansas City Missouri
100%
Omaha Nebraska
100%
Las Vegas Nevada
100%
Newark New Jersey
100%
Albuquerque New Mexico
100%
New York City New York
100%
Columbus Ohio
100%
Oklahoma City Oklahoma
100%
Philadelphia Pennsylvania
100%
Providence Rhode Island
100%
Charleston (South) South Carolina
100%
Nashville Tennessee
100%
Houston Texas
100%
Salt Lake City Utah
100%
Virginia Beach Virginia
100%
Seattle Washington
100%
Charleston (North) West Virginia
100%
Milwaukee Wisconsin
100%
Cheyenne Wyoming
100%
Anchorage Alaska
90%
Jacksonville Florida
90%
Billings Montana
90%
Charlotte North Carolina
90%
Fargo North Dakota
90%
Portland (West) Oregon
90%
Bridgeport Connecticut
80%
Wilmington Delaware
80%
Manchester New Hampshire
80%
Sioux Falls South Dakota
80%
Burlington Vermont
80%
Huntsville Alabama
70%
No matching quizzes found
Score Distribution
Percent of People with Each Score
Percentile by Number Answered
Your Score History
You have not taken this quiz